000 00656nam a22002297a 4500
003 UA-OsUOA
001 97800
007 ta
008 20130404b un ||||| |||| 00| 0 ukr d
100 _aПархомов М.
090 _a821.161.1
_bП18
942 _cBK
040 _aUA-OsUOA
_brus
_cUA-OsUOA
_dUA-OsUOA
245 _aИзбранные произведения в двух томах
_b2
_cПовести, рассказы
300 _a527 с.
955 _a3
041 _arus
080 _a821.161.1
260 _aК.
_bДніпро
_c1989
650 7 _a82 Література. Літературознавство
_2UDC
999 _c384062
_d384062